VZÁJOMNÉ POROVNANIE FYZIKÁLNYCH VLASTNOSTÍ VYBRANÝCH PENIDIEL

Bibliographic Details
Main Author: Marková, Iveta, 1971- (Author)
Format: Article
Language:Slovak
ISBN:8022809454

MARC

LEADER 00000naa a2200000uu 4500
001 vtls011041241
003 SK-MaSNL
005 20260302120225.0
008 210910|2000 xo |||||||||||||||||slo|
015 |a SNBRA 
035 |a (urnnbn)urn:nbn:sk:snk:ar-008ygv 
035 |a (uuid)d2a4e53e-46fd-4cd7-81b3-ad776c756b63 
035 |a urn:nbn:sk:snk-aautxb 
040 |a SNKBUCL  |b slo  |c SNKBUCL  |e AACR2 
041 0 |a slo 
044 |a xo  |c SK 
100 1 |a Marková, Iveta,  |d 1971-  |4 aut  |9 187542 
245 1 0 |a VZÁJOMNÉ POROVNANIE FYZIKÁLNYCH VLASTNOSTÍ VYBRANÝCH PENIDIEL  |c Iveta Marková 
773 0 |t Fórum mladých odborníkov požiarnej ochrany  |d Vo Zvolene : Technická univerzita, 2000  |g S. 51-53  |z 8022809454 
958 |a OND 
958 |a article12 
958 |a chapter 
999 |c 1268539  |d 1270469